Capital Cities A-Z - Statistics

General Stats
  • This quiz has been taken 37 times
  • The average score is 38 of 52
Answer Stats
Letter Capital % Correct
E) Capital of Scotland Edinburgh
97%
I) Current capital of Indiana Indianapolis
94%
O) Capital of Norway Oslo
94%
Q) Capital of Ecuador Quito
94%
R) This megacity was previously the capital beforeBrasilia Rio De Janeiro
94%
A) Once housed the worlds largestlibrary Alexandria
91%
C) Moldovas capital Chisinau
91%
D) Capital of Bangladesh Dhaka
91%
L) Capital of Portugal Lisbon
91%
N) Capital of Cyprus Nicosia
91%
P) Former English name of Beijing Peking
91%
W) Capital of New Zealand Wellington
91%
H) Capital of Hawaii Honolulu
88%
J) Capital of Indonesia Jakarta
88%
L) Former capital of Nigeria and its largest city Lagos
88%
P) Temporary capital of the US before Washington DC Philadelphia
88%
T) Capital of Florida Tallahassee
88%
Z) Biggest city in Switzerland and its federal capital in the 1830s-40s Zurich
88%
B) Capital of Idaho Boise
85%
G) Capital of Guyana Georgetown
85%
J) The Crusades were based around recapturingthis holy capital Jerusalem
85%
M) Capital of Victoria, Australia and a major port Melbourne
85%
M) Capital of Liberia Monrovia
85%
O) Capital of Washington state Olympia
85%
R) Capital of the Confederacy during the Civil War Richmond
85%
S) Capital of North Macedonia Skopje
85%
V) Capital of Malta Valletta
85%
Y) Capital of Armenia Yerevan
85%
B) Capital of West Germany Bonn
82%
D) Former capital of Tanzania and itslargest city Dar Es Salaam
82%
K) Former capital of Poland Krakow
82%
S) Former capital of South Vietnam Saigon
82%
N) Previous name of Astana Nur Sultan
79%
U) Translated to "Red Hero" in its language Ulaanbaatar
79%
F) Capital of Tuvalu Funafuti
76%
H) Capital of the Solomon Islands Honiara
76%
X) Huang Di and his terracotta warriors were discovered inthis Shaanxi province capital Xian
76%
A) Capital of the Peach state Atlanta
73%
V) Capital of France during Nazi occupation Vichy
73%
Y) Former capital of Myanmar until 2005 but still its largest city Yangon
73%
C) Roman Empire Eastern capital Constantinople
70%
K) Capital of Lithuania between the world wars Kaunas
52%
X) Kublai Khan had his summer capital here Xanadu
48%
T) Aztec capital in present day Mexico City Tenochtitlan
42%
I) Former capital of Iowa before Des Moines Iowa City
39%
F) Capital of New Brunswick Fredericton
36%
Z) Capital of the Dalmatia kingdom in Croatia Zadar
36%
G) Once capital of the Songhai Empirein Mali Gao
18%
E) Capital of New Hampshire during the1800s Exeter
15%
Q) Ancient capital of Caucasian Albania, now in modernday Azerbaijan Qabala
9%
U) Capital of the Chuzan kingdom in present day Japanon Okinawa Urasoe
9%
W) First state capital of West Virginia Wheeling
9%
No matching quizzes found
Score Distribution
Percent of People with Each Score
Percentile by Number Answered
Your Score History
You have not taken this quiz